000 00472nam a2200181Ia 4500
001 8319
005 20260306160600.0
008 260306t2013||||xx |||||||||||||| ||spa||
041 _aESP
082 _a370.154
_bE82
100 _aEslava Calvo, Jorge
_eAUT
245 0 _aJugar a las escondidas:
_buna invitación para escribir cuentos en la escuela
260 _c2013
300 _a141 pƔginas :
_c23 cm.
650 _aGEN
654 _aCED
942 _cLIB
_dJUS
_fJUS
_2ddc
_n
999 _c8319
_d8319